La Revolución Francesa y la revolución marxista comunista

Uloženo v:
Podrobná bibliografie
Hlavní autor: Poradowski, Miguel (Autor)
Médium: Kniha
Jazyk:španělština
Vydáno: Madrid Speiro 1990
Témata:
Tagy: Přidat tag
Žádné tagy, Buďte první, kdo vytvoří štítek k tomuto záznamu!

MARC

LEADER 00000nam a2200000 a 4500
001 UCX7408
003 CL-VaPUC
008 931209e19900000SP |||||||||||||||||spa|d
082 0 4 |a 261.21  |b POR  |2 21 
100 0 |a Poradowski, Miguel  |e author  |9 324239 
245 1 3 |a La Revolución Francesa y la revolución marxista comunista 
300 |a 72 p 
942 |c BK 
945 |d 19931209 00:00:00  |a aalvarez 
260 |a Madrid  |b Speiro  |c 1990 
500 |a Separata extracomercial de Verbo. Serie XXIX, 289-290 
650 7 |a MARXISMO  |2 CL-VaPUC  |9 324240 
650 7 |a HISTORIA REVOLUCION 1789-1799  |2 CL-VaPUC  |9 266279 
651 0 |a Francia  |9 255157 
583 |a last modification  |c 19931209 00:00:00  |k Rodrigo Vera 
999 |c 227230  |d 227228 
952 |0 0  |1 0  |4 0  |6 261_210000000000000_POR_1990  |7 0  |8 A  |9 226109  |a BIBHIS  |b BIBHIS  |d 2019-11-15  |i 294667K  |l 1  |o 261.21 POR 1990  |p 294667K  |r 2025-01-20  |s 2023-04-25  |w 2019-11-15  |y BK  |k HIS